Normal view
MARC view
Entry Personal Name
001 - CONTROL NUMBER
- control field: 86294
003 - CONTROL NUMBER IDENTIFIER
- control field: dpl
005 - DATE AND TIME OF LATEST TRANSACTION
- control field: 20260112115819.0
008 - FIXED-LENGTH DATA ELEMENTS
- fixed length control field: 260112|| aca||aabn | a|a d
040 ## - CATALOGING SOURCE
- Original cataloging agency: dpl
- Transcribing agency: dpl
100 ## - HEADING--PERSONAL NAME
- Personal name: श्रीवास्तव , प्रवीण कुमार
670 ## - SOURCE DATA FOUND
- Source citation: Work cat.: (dpl)212538: श्रीवास्तव , प्रवीण कुमार, गीत गुंजन /, 2023
